| Tag |
First Indicator |
Second Indicator |
Subfields |
| LEADER |
00000pam a2200000 a 4500 |
| 001 |
in00000069646 |
| 005 |
20151008054525.0 |
| 008 |
801202s1981 nyuc b 00110cengm |
| 010 |
|
|
|a 80027603
|
| 020 |
|
|
|a 0805237593
|
| 020 |
|
|
|a 0805206728 (pbk.)
|
| 035 |
|
|
|a (OCoLC)07168066
|
| 035 |
|
|
|9 AAJ0914AM
|
| 040 |
|
|
|a DLC
|c DLC
|d m.c.
|d TXA
|d UtOrBLW
|
| 043 |
|
|
|a n-us---
|
| 049 |
|
|
|a TXAM
|c [1442174]
|
| 050 |
0 |
0 |
|a HQ1412
|b .S72 1981
|
| 082 |
0 |
|
|a 305.4/092/2
|2 19
|
| 100 |
1 |
|
|a Stanton, Elizabeth Cady,
|d 1815-1902.
|
| 245 |
1 |
0 |
|a Elizabeth Cady Stanton, Susan B. Anthony, correspondence, writings, speeches /
|c edited and with a critical commentary by Ellen Carol DuBois ; foreword by Gerda Lerner.
|
| 264 |
|
1 |
|a New York :
|b Schocken,
|c 1981.
|
| 300 |
|
|
|a xv, 272 pages :
|b portrait ;
|c 21 cm.
|
| 336 |
|
|
|a text
|b txt
|2 rdacontent
|
| 337 |
|
|
|a unmediated
|b n
|2 rdamedia
|
| 338 |
|
|
|a volume
|b nc
|2 rdacarrier
|
| 490 |
1 |
|
|a Studies in the life of women
|
| 504 |
|
|
|a Includes bibliographical references and index.
|
| 600 |
1 |
0 |
|a Stanton, Elizabeth Cady,
|d 1815-1902.
|
| 600 |
1 |
0 |
|a Anthony, Susan B.
|q (Susan Brownell),
|d 1820-1906.
|
| 650 |
|
0 |
|a Feminists
|z United States
|x Correspondence.
|
| 650 |
|
0 |
|a Feminism
|z United States
|x History
|y 19th century.
|
| 700 |
1 |
|
|a Anthony, Susan B.
|q (Susan Brownell),
|d 1820-1906.
|
| 700 |
1 |
|
|a DuBois, Ellen Carol,
|d 1947-
|
| 830 |
|
0 |
|a Studies in the life of women.
|
| 999 |
|
|
|a MARS
|
| 999 |
f |
f |
|s 9b2554b2-4d57-3ed4-9947-3ff66c2adba9
|i 411c8378-4041-3292-b332-b291f7aed3ca
|t 0
|
| 952 |
f |
f |
|p ric
|a Texas A&M University
|b Rellis Campus
|c Joint Library Facility
|d Remote Storage
|t 0
|e HQ1412 .S72 1981
|h Library of Congress classification
|i unmediated -- volume
|m A14806143382
|
| 998 |
f |
f |
|a HQ1412 .S72 1981
|t 0
|l Remote Storage
|